Heather has two mommies /

Uloženo v:
Podrobná bibliografie
Hlavní autoři: Newman, Lesléa (Autor), Souza, Diana (Autor)
Médium: Kniha
Jazyk:angličtina
Vydáno: Los Angeles : Alyson, c2000
Vydání:2. ed
Tagy: Přidat tag
Žádné tagy, Buďte první, kdo vytvoří štítek k tomuto záznamu!

MARC

LEADER 00000nam a22000007i 4500
001 IT\ICCU\UBO\3688010
003 ItRI
005 20260115231832.0
008 090914s2000 xxu|||||| ||||| |||||c
020 |a 1555835430 
020 |a 1555835708 
040 |b ita  |c importazione bologna sebina 
041 7 |a eng  |2 ISO-639-2 
100 1 |a Newman, Lesléa  |0 IT\ICCU\VIAV\101308  |4 aut 
245 1 0 |a Heather has two mommies /  |c written by Leslea Newman ; illustrated by Diana Souza. 
250 |a 2. ed 
260 |a Los Angeles :  |b Alyson,  |c c2000 
300 |a 1 v. (senza paginazione) :  |b ill. ;  |c 28 cm 
500 |a Sulla cop.: 10th anniversary edition. 
700 1 |a Souza, Diana  |0 IT\ICCU\RAVV\098269  |4 aut 
942 |2 ddc  |c BK  |n 0 
952 |0 0  |1 0  |4 0  |6 R_741_642000000000000_NEW  |7 0  |9 13857  |a BO  |b BO  |d 2026-01-15  |i 12981  |l 0  |o R 741.642 NEW  |p BO12981  |r 2026-01-15 23:18:32  |w 2026-01-15  |x [Sebina 5] [1 v.]  |y BK  |z 1 v. 
999 |c 11925  |d 11925